Communes de la communauté d agglomeration de la Rochelle - Statistics

General Stats
  • This quiz has been taken 10 times
  • The average score is 14 of 28
Answer Stats
Answer % Correct
Dompierre sur mer
89%
Perigny
89%
La jarrie
78%
La Rochelle
78%
Aytré
67%
La jarne
67%
St Xandre
67%
Angoulins
56%
Bourgneuf
56%
Lagord
56%
Puilboreau
56%
St Soulle
56%
Châtelaillon-Plage
44%
Clavette
44%
Croix chapeau
44%
Esnandes
44%
L houmeau
44%
Marsilly
44%
Nieul sur mer
44%
St vivien
44%
Vérines
44%
St Christophe
33%
St Rogatien
33%
Montroy
22%
St Médard d aunis
22%
Thairé
22%
Yves
22%
Salles sur mer
11%
No matching quizzes found
Score Distribution
Percent of People with Each Score
Percentile by Number Answered
Your Score History
You have not taken this quiz